Glossari del 'Llibre de Coch' de Robert de Nola / Veronika Leimgruber
Descripción Física:
p. 255-384 ; 25 cm
Otros Autores:
Nola, Robert
Materias:
Cuina -- Glossaris, vocabularis, etc.
MARC
| LEADER | 00000nam a2200000Ia 4500 | ||
|---|---|---|---|
| 001 | 11435 | ||
| 008 | 160829s1976 - 1980 xx 000 0 cat d | ||
| 080 | |a L-1-320 | ||
| 100 | |a Leimgruber, Veronika |9 30344 | ||
| 245 | |a Glossari del 'Llibre de Coch' de Robert de Nola / Veronika Leimgruber | ||
| 260 | |a Barcelona : |b Institut d'Estudis Catalans, |c 1976 - 1980 | ||
| 300 | |a p. 255-384 ; |c 25 cm | ||
| 590 | |a Separata de: Estudis Romànics ; 17. | ||
| 590 | |a Bibliografia | ||
| 650 | |a Cuina |x Glossaris, vocabularis, etc. |9 30345 | ||
| 700 | |a Nola, Robert |9 30346 | ||
| 710 | 2 | |a Institut d'Estudis Catalans |9 52284 | |
| 901 | |a Arxiu | ||
| 942 | |n 1 | ||
| 952 | |0 0 |1 0 |4 0 |6 L1320 |7 1 |9 45389 |a Arxiu |b Arxiu |d 2016-12-01 |l 0 |o L-1-320 |p 11435 |r 2016-12-01 00:00:00 |w 2016-12-01 |y ARXIU | ||
| 999 | |c 48474 |d 48474 | ||